<?xml version="1.0" encoding="UTF-8"?><?xml-stylesheet type="text/xsl" href="static/style.xsl"?><OAI-PMH xmlns="http://www.openarchives.org/OAI/2.0/" xmlns:xsi="http://www.w3.org/2001/XMLSchema-instance" xsi:schemaLocation="http://www.openarchives.org/OAI/2.0/ http://www.openarchives.org/OAI/2.0/OAI-PMH.xsd"><responseDate>2026-06-29T02:50:04Z</responseDate><request verb="GetRecord" identifier="oai:docta.ucm.es:20.500.14352/102975" metadataPrefix="marc">https://docta.ucm.es/rest/oai/request</request><GetRecord><record><header><identifier>oai:docta.ucm.es:20.500.14352/102975</identifier><datestamp>2025-03-18T14:04:27Z</datestamp><setSpec>com_20.500.14352_14</setSpec><setSpec>col_20.500.14352_15</setSpec></header><metadata><record xmlns="http://www.loc.gov/MARC21/slim" xmlns:dcterms="http://purl.org/dc/terms/" xmlns:xsi="http://www.w3.org/2001/XMLSchema-instance" xmlns:doc="http://www.lyncode.com/xoai" xsi:schemaLocation="http://www.loc.gov/MARC21/slim http://www.loc.gov/standards/marcxml/schema/MARC21slim.xsd">
   <leader>00925njm 22002777a 4500</leader>
   <datafield ind2=" " ind1=" " tag="042">
      <subfield code="a">dc</subfield>
   </datafield>
   <datafield ind2=" " ind1=" " tag="720">
      <subfield code="a">Plaček, Michal</subfield>
      <subfield code="e">author</subfield>
   </datafield>
   <datafield ind2=" " ind1=" " tag="720">
      <subfield code="a">Valentinov, Vladislav</subfield>
      <subfield code="e">author</subfield>
   </datafield>
   <datafield ind2=" " ind1=" " tag="720">
      <subfield code="a">Del Campo Campos, Cristina</subfield>
      <subfield code="e">author</subfield>
   </datafield>
   <datafield ind2=" " ind1=" " tag="720">
      <subfield code="a">Vaceková, Gabriela</subfield>
      <subfield code="e">author</subfield>
   </datafield>
   <datafield ind2=" " ind1=" " tag="720">
      <subfield code="a">Ochrana, František</subfield>
      <subfield code="e">author</subfield>
   </datafield>
   <datafield ind2=" " ind1=" " tag="720">
      <subfield code="a">Šumpíková, Markéta</subfield>
      <subfield code="e">author</subfield>
   </datafield>
   <datafield ind2=" " ind1=" " tag="260">
      <subfield code="c">2021-08-16</subfield>
   </datafield>
   <datafield ind2=" " ind1=" " tag="520">
      <subfield code="a">Background
The uptake of green public procurement in the Czech Republic is known to lag behind the European standards. We trace this condition back to the adverse effects of a specific type of decision-making trade-off faced by the Czech public procurement officials, namely the trade-off between stewardship and administrative compliance. The trade-off means that public procurers are aware of administrative risks and complications attendant on the conscientious non-perfunctory implementation of green public procurement.
Results
The overall result is that public procurers ultimately come to prioritize the contract criterion of the lowest price over ecological criteria. The existence of this trade-off has been generally confirmed by the results of a unique large-N survey of more than 1100 respondents from a group of local public officials and mayors in the Czech Republic.
Conclusion
We have found that the decision-making of Czech public procurers is affected by the trade-off between stewardship and administrative compliance, which turn out to be mutually conflicting goals. On the one hand, many public procurers do possess a stewardship motivation that shapes their positive attitude to GPP. On the other hand, they are painfully aware of, and seek to forestall, administrative risks and complications attendant on the conscientious, i.e., non-perfunctory, implementation of GPP.</subfield>
   </datafield>
   <datafield ind1="8" ind2=" " tag="024">
      <subfield code="a">Plaček, M., Valentinov, V., del Campo, C., Vaceková, G., Ochrana, F., &amp; Šumpíková, M. (2021). Stewardship and administrative capacity in green public procurement in the Czech Republic: evidence from a large-N survey. Environmental Sciences Europe, 33, 94.</subfield>
   </datafield>
   <datafield ind1="8" ind2=" " tag="024">
      <subfield code="a">2190-4715</subfield>
   </datafield>
   <datafield ind1="8" ind2=" " tag="024">
      <subfield code="a">10.1186/s12302-021-00534-7</subfield>
   </datafield>
   <datafield ind1="8" ind2=" " tag="024">
      <subfield code="a">https://hdl.handle.net/20.500.14352/102975</subfield>
   </datafield>
   <datafield ind1="8" ind2=" " tag="024">
      <subfield code="a">https://enveurope.springeropen.com/articles/10.1186/s12302-021-00534-7#citeas</subfield>
   </datafield>
   <datafield ind2="0" ind1="0" tag="245">
      <subfield code="a">Stewardship and administrative capacity in green public procurement in the Czech Republic: evidence from a large‐N survey</subfield>
   </datafield>
</record></metadata></record></GetRecord></OAI-PMH>